Constitutional of India: As amended by the Jammu and Kashmir reorganisation act, 2019 (34 of 2019) (w.e.f 31.10.2019) (Record no. 32508)

MARC details
000 -LEADER
fixed length control field 00535nam a2200169Ia 4500
008 - FIXED-LENGTH DATA ELEMENTS--GENERAL INFORMATION
fixed length control field 230917s9999||||xx |||||||||||||| ||und||
020 ## - ISBN
Price RS195
040 ## - CATALOGING SOURCE
-- 257478
Original cataloging agency VIVEKANANDA LIBRARY
041 ## - Language
-- English
082 ## - DDC NUMBER
Classification number 342.546 C349C
100 ## - MAIN ENTRY--PERSONAL NAME
Personal name Bare Act( Universal)
245 #0 - TITLE STATEMENT
Title Constitutional of India: As amended by the Jammu and Kashmir reorganisation act, 2019 (34 of 2019) (w.e.f 31.10.2019)
260 ## - PUBLICATION, DISTRIBUTION, ETC. (IMPRINT)
Place of publication, distribution, etc Gurgaon
Name of publisher, distributor, etc Lexis Nexis
Date of publication, distribution, etc {n.d.}
300 ## - PHYSICAL DESCRIPTION
Pages 255 p.
500 ## - GENERAL NOTE
General note 3584 19/08/2019 IBS19/83 04/09/2019 Main Budget
942 ## - ADDED ENTRY ELEMENTS (KOHA)
Koha item type Books
Holdings
Withdrawn status Lost status Damaged status Not for loan Location (home branch) Sublocation or collection (holding branch) Date acquired Koha issues (times borrowed) Koha full call number Accession No. Koha date last seen Koha item type
        VIVEKANANDA LIBRARY VIVEKANANDA LIBRARY 22/10/2019 8 342.546 C349C 376485 18/12/2024 Books
        VIVEKANANDA LIBRARY VIVEKANANDA LIBRARY 22/10/2019   342.546 C349C 376486 17/09/2023 Books
        VIVEKANANDA LIBRARY VIVEKANANDA LIBRARY 22/10/2019 15 342.546 C349C 376487 30/12/2025 Books
        VIVEKANANDA LIBRARY VIVEKANANDA LIBRARY 22/10/2019   342.546 C349C 376488 17/09/2023 Books
        VIVEKANANDA LIBRARY VIVEKANANDA LIBRARY 22/10/2019 12 342.546 C349C 376489 03/04/2026 Books
© Designed and Maintained by Vivekananda Library, MDU Rohtak